Statistics for Boston Celtics Retired Numbers

Click here to take the quiz!

General Stats

  • This quiz has been taken 68 times
  • The average score is 9 of 22

Answer Stats

# Answer % Correct
33Larry Bird
97%
32Kevin McHale
89%
00Robert Parish
87%
6Bill Russell
84%
14Bob Cousy
80%
17John Havlicek
77%
24Sam Jones
61%
25K.C. Jones
59%
3Dennis Johnson
52%
18Dave Cowens
46%
2Red Auerbach
39%
10JoJo White
23%
35Reggie Lewis
20%
15Tom Heinsohn
16%
LOSCYJim Loscutoff
16%
22Ed Macauley
16%
21Bill Sharman
13%
31Cedric Maxwell
13%
1Walter Brown
13%
23Frank Ramsey
11%
19Don Nelson
10%
16Satch Sanders
8%

Score Distribution

Percentile by Number Answered

Percent of People with Each Score

Your Score History

You have not taken this quiz